System software programming : the way things work (Record no. 62059)
[ view plain ]
| 000 -LEADER | |
|---|---|
| fixed length control field | 01109cam a2200289 a 4500 |
| 001 - CONTROL NUMBER | |
| control field | 3070694 |
| 003 - CONTROL NUMBER IDENTIFIER | |
| control field | NUST-PNEC |
| 005 - DATE AND TIME OF LATEST TRANSACTION | |
| control field | 20170116180738.0 |
| 008 - FIXED-LENGTH DATA ELEMENTS--GENERAL INFORMATION | |
| fixed length control field | 970424s1998 njua 001 0 eng |
| 010 ## - LIBRARY OF CONGRESS CONTROL NUMBER | |
| LC control number | 97019517 |
| 020 ## - INTERNATIONAL STANDARD BOOK NUMBER | |
| International Standard Book Number | 013490558X |
| 040 ## - CATALOGING SOURCE | |
| Transcribing agency | PNEC |
| 050 00 - LIBRARY OF CONGRESS CALL NUMBER | |
| Classification number | QA76.66 |
| Item number | .C55 1998 |
| 082 00 - DEWEY DECIMAL CLASSIFICATION NUMBER | |
| Classification number | 005.42 CLA |
| Edition number | 21 |
| 100 1# - MAIN ENTRY--PERSONAL NAME | |
| Personal name | Clarke, David L. |
| 245 10 - TITLE STATEMENT | |
| Title | System software programming : the way things work |
| Statement of responsibility, etc. | David L. Clarke, Donald Merusi. |
| 260 ## - PUBLICATION, DISTRIBUTION, ETC. | |
| Place of publication, distribution, etc. | Upper Saddle River, NJ : |
| Name of publisher, distributor, etc. | Prentice Hall PTR, |
| Date of publication, distribution, etc. | c1998. |
| 300 ## - PHYSICAL DESCRIPTION | |
| Extent | xiii, 458 p. : |
| Other physical details | ill. ; |
| Dimensions | 24 cm. |
| 500 ## - GENERAL NOTE | |
| General note | Includes index. |
| 650 #0 - SUBJECT ADDED ENTRY--TOPICAL TERM | |
| Topical term or geographic name entry element | Systems programming (Computer science) |
| General subdivision | MIS, computer |
| 650 #0 - SUBJECT ADDED ENTRY--TOPICAL TERM | |
| Topical term or geographic name entry element | Computer software. |
| 700 1# - ADDED ENTRY--PERSONAL NAME | |
| Personal name | Merusi, Donald, |
| Dates associated with a name | 1951 |
| 856 ## - ELECTRONIC LOCATION AND ACCESS | |
| Uniform Resource Identifier | <a href="http://www.amazon.com/Systems-Software-Programming-Things-CD-ROM/dp/013490558X/ref=sr_1_1?ie=UTF8&qid=1417956353&sr=8-1&keywords=013490558x">http://www.amazon.com/Systems-Software-Programming-Things-CD-ROM/dp/013490558X/ref=sr_1_1?ie=UTF8&qid=1417956353&sr=8-1&keywords=013490558x</a> |
| 906 ## - LOCAL DATA ELEMENT F, LDF (RLIN) | |
| a | 7 |
| b | cbc |
| c | orignew |
| d | 1 |
| e | ocip |
| f | 19 |
| g | y-gencatlg |
| 942 ## - ADDED ENTRY ELEMENTS (KOHA) | |
| Source of classification or shelving scheme | |
| Koha item type | Book |
| Withdrawn status | Lost status | Source of classification or shelving scheme | Damaged status | Not for loan | Permanent Location | Current Location | Shelving location | Date acquired | Source of acquisition | Cost, normal purchase price | Total Checkouts | Full call number | Barcode | Date last seen | Cost, replacement price | Price effective from | Koha item type |
|---|---|---|---|---|---|---|---|---|---|---|---|---|---|---|---|---|---|
| Pakistan Navy Engineering College (PNEC) | Pakistan Navy Engineering College (PNEC) | 11/03/2000 | NUST Recurring A/c | 60.00 | 005.42 CLA | PNECLIB-023209 | 12/07/2014 | 60.00 | 11/03/2000 | Book |
